| 000 | 00393nam a2200145Ia 4500 | ||
|---|---|---|---|
| 008 | 230917s9999||||xx |||||||||||||| ||und|| | ||
| 040 |
_e65384 _aMAIN |
||
| 041 | _aEnglish | ||
| 082 | _a301.045 P586D | ||
| 100 | _aPickering, W S F | ||
| 245 | 0 | _aDurkheim's sociology of religion: themes and theories | |
| 260 |
_aLondon _bRoutledge & Kegan Paul _c1984 |
||
| 300 | _axxv, 577 p. | ||
| 942 | _cBK | ||
| 999 |
_c46807 _d46807 |
||